Discover biology. (Record no. 13011)
[ view plain ]
| 000 -LEADER | |
|---|---|
| fixed length control field | 01864cam a2200289 i 4500 |
| 001 - CONTROL NUMBER | |
| control field | 18226532 |
| 005 - DATE AND TIME OF LATEST TRANSACTION | |
| control field | 20190131101855.0 |
| 008 - FIXED-LENGTH DATA ELEMENTS--GENERAL INFORMATION | |
| fixed length control field | 140715t20152015nyua b 001 0 eng |
| 010 ## - LIBRARY OF CONGRESS CONTROL NUMBER | |
| LC control number | 2014027462 |
| 020 ## - INTERNATIONAL STANDARD BOOK NUMBER | |
| International Standard Book Number | 9780393936728 (pbk. : alk. paper) |
| 020 ## - INTERNATIONAL STANDARD BOOK NUMBER | |
| International Standard Book Number | 0393936724 (pbk. : alk. paper) |
| 040 ## - CATALOGING SOURCE | |
| Original cataloging agency | DLC |
| Language of cataloging | eng |
| Transcribing agency | DLC |
| Description conventions | rda |
| Modifying agency | DLC |
| 042 ## - AUTHENTICATION CODE | |
| Authentication code | pcc |
| 050 00 - LIBRARY OF CONGRESS CALL NUMBER | |
| Classification number | QH308.2.D57 2015 |
| Item number | .D57 2015 |
| 082 00 - DEWEY DECIMAL CLASSIFICATION NUMBER | |
| Edition number | 23 |
| 100 1# - MAIN ENTRY--PERSONAL NAME | |
| Personal name | Singh-Cundy Anu |
| Relator term | author. |
| 245 10 - TITLE STATEMENT | |
| Title | Discover biology. |
| Statement of responsibility, etc. | Anu Singh Cundy , Gary Shin |
| 250 ## - EDITION STATEMENT | |
| Edition statement | Sixth edition / |
| Remainder of edition statement | Anu Singh-Cundy, Western Washington University, Gary Shin, California State University, Long Beach. |
| 300 ## - PHYSICAL DESCRIPTION | |
| Extent | xxiv,807p; |
| Other physical details | ill,[some col] |
| Dimensions | 28cm. |
| 504 ## - BIBLIOGRAPHY, ETC. NOTE | |
| Bibliography, etc | Includes bibliographical references and index. |
| 505 0# - FORMATTED CONTENTS NOTE | |
| Formatted contents note | The nature of Science and the characteristics of life -- Unit 1. Cells: the basic units of life. The chemistry of life -- Cell structure and internal compartments -- Cell membranes, transport, and communication -- Energy, metabolism, and enzymes -- Photosynthesis and cellular respiration -- Cell division -- Cancer and human health -- Unit 2. Genetics. Patterns of inheritance -- Chromosomes and human genetics -- DNA and genes -- From gene to protein -- DNA technology -- Unit 3. Evolution. How evolution works -- The origins of species -- The evolutionary history of life -- Bacteria, archaea, and viruses -- Protista, plantae, and fungi -- Animalia -- Unit 4. The biosphere. Growth of populations -- Animal behavior -- Ecological communities -- Ecosystems -- Global change. |
| 650 #0 - SUBJECT ADDED ENTRY--TOPICAL TERM | |
| Topical term or geographic name as entry element | Biology |
| Form subdivision | Textbooks. |
| 700 1# - ADDED ENTRY--PERSONAL NAME | |
| Personal name | Shin, Gary, |
| Relator term | author. |
| 906 ## - LOCAL DATA ELEMENT F, LDF (RLIN) | |
| a | 7 |
| b | cbc |
| c | orignew |
| d | 1 |
| e | ecip |
| f | 20 |
| g | y-gencatlg |
| 942 ## - ADDED ENTRY ELEMENTS (KOHA) | |
| Source of classification or shelving scheme | |
| Koha item type | Hard Covered Materials |
| Classification part | QH308.2.D57 2015 |
| Koha issues (borrowed), all copies | 1 |
| Withdrawn status | Lost status | Source of classification or shelving scheme | Damaged status | Not for loan | Home library | Current library | Shelving location | Date acquired | Source of acquisition | Total Checkouts | Full call number | Barcode | Date last seen | Date last checked out | Price effective from | Koha item type |
|---|---|---|---|---|---|---|---|---|---|---|---|---|---|---|---|---|
| MACHAKOS UNIVERSITY LIBRARY | MACHAKOS UNIVERSITY LIBRARY | Open shelf | 09/08/2016 | Donation (BFA) | 2 | QH308.2.D57 2015 | 24360 | 25/11/2024 | 12/11/2024 | 09/08/2016 | Hard Covered Materials |